Đại số và giải tích nâng cao 11 Sách giáo viên

में बचाया:
ग्रंथसूची विवरण
मुख्य लेखक: Đoàn, Quỳnh
अन्य लेखक: Nguyễn, Huy Đoan
स्वरूप: पुस्तक
भाषा:Undetermined
प्रकाशित: H. Giáo dục 2007
विषय:
ऑनलाइन पहुंच:http://lrc.tdmu.edu.vn/opac/search/detail.asp?aID=2&ID=5301
टैग : टैग जोड़ें
कोई टैग नहीं, इस रिकॉर्ड को टैग करने वाले पहले व्यक्ति बनें!
Thư viện lưu trữ: Trung tâm Học liệu Trường Đại học Thủ Dầu Một
LEADER 00723nam a2200217Ia 4500
001 TDMU_5301
008 210410s9999 xx 000 0 und d
082 |a 512.072 
090 |b Đ406 
100 |a Đoàn, Quỳnh 
245 0 |a Đại số và giải tích nâng cao 11 
245 0 |b Sách giáo viên 
245 0 |c Đoàn Quỳnh 
260 |a H. 
260 |b Giáo dục 
260 |c 2007 
300 |a 288tr 
650 |a Sách lớp 11  |v Giáo viên; Đại số  |x Dạy và học; Giải tích  |x Dạy và học 
700 |a Nguyễn, Huy Đoan 
856 |u http://lrc.tdmu.edu.vn/opac/search/detail.asp?aID=2&ID=5301 
980 |a Trung tâm Học liệu Trường Đại học Thủ Dầu Một